Riesci a nominare 16 giocatori dell'Inter (2000-2010)? - Impossibile - Statistics

Statistiche generali
  • Questo quiz è stato fatto 83 volte
  • Il punteggio medio è 7 su 16
Statistiche sulle risposte
con Immagini Risposta % Corretto
David Pizarro
82%
Paolo Orlandoni
79%
Luciano
59%
Andy van der Meyde
51%
Luis Jimenez
51%
Domenico Morfeo
50%
Cesar
49%
Ze Maria
43%
Giorgos Karagounis
41%
Thomas Helveg
41%
Hakan Sukur
40%
Carlos Gamarra
31%
Nelson Rivas
31%
Matteo Ferrari
29%
Andres Guglielminpietro
24%
Okan Buruk
24%
Nessun quiz corrispondente trovato
Distribuzione punteggi
Percentuale di utenti per punteggio
Percentile per numero di risposta
I tuoi punteggi nel tempo
Non hai fatto questo quiz